[Event "chess.com SpeedChess 2022"]
[Site "chess.com INT"]
[Date "2022.12.12"]
[Round "2.11"]
[White "Nakamura, Hi"]
[Black "Aronian, L."]
[Result "1-0"]
[WhiteElo "2768"]
[BlackElo "2735"]
[PlyCount "57"]
[EventDate "2022.11.23"]
[EventType "k.o."]

1. Nf3 d5 2. b3 c5 3. Bb2 Nc6 4. e3 Nf6 5. Bb5 Bd7 6. O-O e6 7. Bxc6 Bxc6 8. Ne5 Rc8 9. d3 Bd6 10. Nd2 O-O 11. f4 b5 ({RR} 11... Be8 12. Rf3 Bxe5 13. Bxe5 Rc6 14. Rg3 Kh8 15. Qf3 Rg8 16. Rh3 g6 17. g4 Rg7 18. g5 Nh5 19. Nf1 f6 20. gxf6 Nxf6 21. Qg3 Kg8 22. Qh4 Rf7 23. Nd2 Qe7 24. Nf3 Nd7 25. Ng5 Nxe5 26. fxe5 {Collins,A (2210)-Chemin,J (2040) chess.com INT 2025 1-0 (36)}) 12. Rf3 d4 $146 ({RR} 12... Bb7 13. Rg3 c4 14. Bd4 cxd3 15. cxd3 a5 16. Nd7 e5 17. Nxe5 g6 18. Ndf3 Nh5 19. Ng4 f6 20. Nh6+ Kh8 21. Rh3 Qd7 22. g4 Kg7 23. Nf5+ gxf5 24. Rxh5 fxg4 25. Nh4 Bc5 26. f5 Rg8 27. Rg5+ {Gogolis,A (2236)-Kostouros,A (2087) Petroupoli 2013 1-0 (46)}) 13. Nxc6 Rxc6 14. exd4 Nd5 15. dxc5 Bxc5+ 16. d4 Bd6 17. g3 Bb4 18. Ne4 Qc7 19. Rc1 Rc8 20. Rf2 Qa5 21. a3 Be7 22. b4 Qd8 23. Qd3 a5 24. bxa5 Qxa5 25. f5 exf5 26. Rxf5 Rd8 27. Qf3 Nf6 28. d5 Qb6+ 29. Kh1 1-0

[Event "chess.com SpeedChess 2022"]
[Site "chess.com INT"]
[Date "2022.12.12"]
[Round "2.23"]
[White "Nakamura, Hi"]
[Black "Aronian, L."]
[Result "1-0"]
[WhiteElo "2768"]
[BlackElo "2735"]
[PlyCount "103"]
[EventDate "2022.11.23"]
[EventType "k.o."]

1. Nf3 Nf6 2. b3 d5 3. Bb2 Bg4 4. e3 Nbd7 5. Be2 e6 6. Ne5 Nxe5 7. Bxe5 Bd6 8. Bxd6 Bxe2 9. Qxe2 cxd6 10. c3 $146 ({RR} 10. Qb5+ Qd7 11. Qxd7+ Kxd7 12. c3 h5 13. Na3 h4 14. h3 Ne4 15. Nc2 f5 16. Nd4 g5 17. Rc1 g4 18. d3 Ng5 19. Ke2 e5 20. Nc2 Rae8 21. Nb4 d4 22. Nd5 Rc8 23. hxg4 Ke6 24. c4 fxg4 {Karasev,G (1888)-Lugovoy,D (2082) Nizhnij Novgorod 2010 0-1 (33)}) 10... O-O 11. Na3 Ne4 12. O-O f5 13. f3 Nf6 14. Nc2 Rc8 15. a4 e5 16. f4 g6 17. Qd3 a5 18. Na3 Qb6 19. Nb5 Kg7 20. Kh1 Rfe8 21. Rab1 Re6 22. h3 h5 23. Kh2 Qc5 24. b4 Qc4 25. Qxc4 dxc4 26. bxa5 Ne4 27. Rb2 Nc5 28. Na3 Rc7 29. Rb6 Ne4 30. Nb5 Rd7 31. Rd1 Kf6 32. a6 bxa6 33. Rxa6 g5 34. fxg5+ Kxg5 35. Ra8 Rb7 36. Rg8+ Rg6 37. Rxg6+ Kxg6 38. Rb1 Nxd2 39. Rb4 Ne4 40. Rxc4 Kf6 41. Rc8 Ke6 42. c4 Kd7 43. Rh8 Rb6 44. Rh7+ Kd8 45. Rxh5 Ra6 46. Rh8+ Kd7 47. Rh7+ Kd8 48. Ra7 Rxa7 49. Nxa7 Kc7 50. h4 Kb6 51. Nc8+ Kc5 52. a5 1-0

[Event "chess.com SpeedChess 2022"]
[Site "chess.com INT"]
[Date "2022.12.12"]
[Round "2.34"]
[White "Nakamura, Hi"]
[Black "Aronian, L."]
[Result "1-0"]
[WhiteElo "2768"]
[BlackElo "2735"]
[PlyCount "81"]
[EventDate "2022.11.23"]
[EventType "k.o."]

1. Nf3 g6 2. e4 Bg7 3. d4 c6 4. c3 d6 5. Bd3 Nf6 ({RR} 5... Qc7 6. O-O e5 7. a4 Bg4 8. dxe5 dxe5 9. h3 Bc8 10. Na3 Ne7 11. Nc4 O-O 12. a5 f6 13. Nb6 axb6 14. Qb3+ Nd5 15. exd5 Qf7 16. Be4 h6 17. Rd1 f5 18. Bc2 e4 19. Nh2 cxd5 20. Qxb6 {Margvelashvili,G (2540)-Sokolovsky,Y (2490) chess.com INT 2024 1-0 (42)}) 6. Nbd2 ({RR} 6. O-O Bg4 7. Nbd2 Qc7 8. h3 Bc8 9. Re1 Nbd7 10. Nf1 e5 11. Ng3 O-O 12. a4 Re8 13. a5 Rb8 14. b4 Nf8 15. Be3 exd4 16. cxd4 Qe7 17. Bg5 h6 18. e5 dxe5 19. dxe5 Qxb4 20. Bxf6 Bxf6 {Goncalves,S (2186)-Garcia Correa,J (2103) chess.com INT 2024 1-0}) 6... O-O 7. O-O b6 $146 ({RR} 7... Nfd7 8. a4 c5 9. Qc2 Nc6 10. Nb3 cxd4 11. Nfxd4 Nf6 12. Rd1 h6 13. Bf1 a6 14. h3 Qc7 15. Ne2 e5 16. Be3 Be6 17. Nd2 d5 18. Ra3 Rac8 19. Qb1 Rfd8 20. f3 Kh8 21. Ng3 b6 22. Bxa6 {Rumyantsev,N (1819)-Kuznetsova,O (2168) Uljanovsk 2011 0-1 (39)}) 8. e5 Nd5 9. Re1 dxe5 10. Nxe5 Qc7 11. Ndf3 h6 12. c4 Nf6 13. h3 g5 14. Bc2 Rd8 15. Qd3 e6 16. Bxg5 hxg5 17. Nxg5 Rd7 18. Rad1 c5 19. Nxd7 Nbxd7 20. d5 Nf8 21. Ba4 exd5 22. cxd5 Qf4 23. Bc6 Rb8 24. Ne4 Bf5 25. Nxf6+ Bxf6 26. Qa3 a5 27. Re3 Ng6 28. d6 Bd4 29. d7 Ne5 30. g3 Qh6 31. Rxd4 Nxc6 32. Re8+ Kg7 33. Rxb8 Qc1+ 34. Kh2 Qf1 35. Rf4 Qxh3+ 36. Kg1 Bxd7 37. Rb7 Nd4 38. Rxd4 Bc6 39. Rxf7+ Kxf7 40. Rf4+ Kg8 41. Qb3+ 1-0

[Event "chess.com SpeedChess 2022"]
[Site "chess.com INT"]
[Date "2022.12.13"]
[Round "2.37"]
[White "Carlsen, M."]
[Black "Caruana, F."]
[Result "1-0"]
[WhiteElo "2859"]
[BlackElo "2766"]
[PlyCount "73"]
[EventDate "2022.11.23"]
[EventType "k.o."]

1. Nf3 g6 2. g3 Bg7 3. Bg2 Nf6 4. O-O O-O 5. d4 d6 6. Nc3 c6 7. e4 a5 ({RR} 7... b5 8. e5 Ne8 9. Bg5 f6 10. Be3 Nc7 11. exd6 exd6 12. Qd2 Nd7 13. Ne1 d5 14. Nd3 a5 15. Rfe1 Nb6 16. b3 a4 17. Nb4 Qd7 18. Ne2 Na6 19. Nxa6 Rxa6 20. Nf4 Ra8 21. Nd3 Qf7 22. Bf4 {Romanishin,O (2600)-Gruenberg,H (2530) Bad Lauterberg 1991 1-0 (37)}) 8. a3 ({RR} 8. a4 Na6 9. Qe2 Nb4 10. Rd1 Qc7 11. h3 Nd7 12. Bg5 Re8 13. Rac1 e5 14. d5 Nc5 15. Be3 cxd5 16. Nb5 Qd8 17. Bxc5 dxc5 18. c3 Na6 19. exd5 e4 20. Nd2 f5 21. Nc4 Bd7 22. Qe3 b6 {Laxman,R (2291)-Srihari,L (2366) Jharkhand IND 2025 1-0 (45)}) 8... b5 9. Re1 Na6 $146 ({RR} 9... Bb7 10. e5 dxe5 11. Nxe5 b4 12. axb4 axb4 13. Rxa8 Bxa8 14. Na4 Nd5 15. c4 bxc3 16. bxc3 Qa5 17. Bd2 Qc7 18. c4 Nf6 19. Bb4 Na6 20. Bc3 Rd8 21. Qa1 c5 22. d5 Nb4 23. Rb1 Nc2 24. Qb2 {Hendrick,J-Fernandes de Souza,C Dos Hermanas 2003 1-0 (48)}) 10. e5 Nd5 11. Nxd5 cxd5 12. exd6 Qxd6 13. Bf4 Qd8 14. Qd2 Nc7 15. Bh6 Bf5 16. Ne5 Qd6 17. h4 f6 18. Bxg7 Kxg7 19. Nd3 Bxd3 20. Qxd3 b4 21. h5 e6 22. Bf3 g5 23. axb4 axb4 24. Kg2 f5 25. Rxa8 Rxa8 26. g4 f4 27. h6+ Kg8 28. Re5 Qe7 29. c4 Rd8 30. cxd5 Nxd5 31. Qc4 Nc7 32. d5 Nxd5 33. Bxd5 exd5 34. Qd4 f3+ 35. Kh3 Qd6 36. Rxg5+ Kf8 37. Qg7+ 1-0

[Event "chess.com SpeedChess 2022"]
[Site "chess.com INT"]
[Date "2022.12.15"]
[Round "3.28"]
[White "Nihal, Sarin"]
[Black "Nakamura, Hi"]
[Result "1-0"]
[WhiteElo "2670"]
[BlackElo "2768"]
[PlyCount "52"]
[EventDate "2022.11.23"]
[EventType "k.o."]

1. Nf3 Nf6 2. b3 b6 3. Bb2 Bb7 4. e3 e6 5. d4 d5 6. Nbd2 Nbd7 7. Bd3 ({RR} 7. c4 dxc4 8. Bxc4 c5 9. O-O Be7 10. Qe2 a6 11. a4 O-O 12. Rfd1 Qb8 13. h3 Rd8 14. Rac1 Qa7 15. dxc5 Nxc5 16. Ne5 Rac8 17. Ndf3 h6 18. Nxf7 Bxf3 19. Nxh6+ gxh6 20. Qxf3 Rf8 21. b4 b5 {Nihal,S (2670)-Nakamura,H (2768) chess.com INT 2022 1-0 (60)}) 7... c5 ({RR} 7... Bd6 8. c4 O-O 9. Ne5 dxc4 10. bxc4 c5 11. Ndf3 cxd4 12. exd4 Qc7 13. Qe2 Rac8 14. O-O Ba8 15. Rac1 Qb7 16. Rfd1 h6 17. Ba1 Rfd8 18. Rb1 Qc7 19. Rbc1 Nf8 20. Bb1 N6d7 21. d5 Nxe5 22. Nxe5 {Demchenko,Y (2201)-Shafer,L (2162) chess.com INT 2025 0-1 (32)}) 8. O-O Be7 9. c4 dxc4 $146 ({RR} 9... Rc8 10. Rc1 h6 11. Qe2 O-O 12. Rfd1 Ne4 13. Ne5 Nxe5 14. dxe5 Nxd2 15. Rxd2 dxc4 16. Bh7+ Kxh7 17. Rxd8 Rfxd8 18. bxc4 Rd7 19. Rd1 Rxd1+ 20. Qxd1 Rd8 21. Qc2+ g6 22. f3 Bg5 23. Kf2 Kg7 24. Ke2 {Wu,Y (2152)-Mejia Varela,F (1614) Tornelo INT 2020 ½-½ (41)}) 10. Bxc4 O-O 11. Qe2 a6 12. a4 cxd4 13. Nxd4 Nd5 14. Rac1 Re8 15. Rfd1 Bf8 16. N2f3 Qb8 17. Ng5 h6 18. Ndxe6 fxe6 19. Nxe6 Rxe6 20. Rxd5 Bxd5 21. Bxd5 Qe8 22. Qg4 Nc5 23. Bxa8 h5 24. Qf3 Nxb3 25. Bd5 Nxc1 26. Qf5 Nd3 1-0

[Event "chess.com SpeedChess 2022"]
[Site "chess.com INT"]
[Date "2022.12.15"]
[Round "3.32"]
[White "Nakamura, Hi"]
[Black "Nihal, Sarin"]
[Result "1-0"]
[WhiteElo "2768"]
[BlackElo "2670"]
[PlyCount "101"]
[EventDate "2022.11.23"]
[EventType "k.o."]

1. Nf3 Nf6 2. b3 d5 3. Bb2 Bf5 4. e3 e6 5. Nh4 Be4 6. d3 Bg6 7. Nxg6 hxg6 8. Nd2 ({RR} 8. g3 c5 9. Bg2 Nc6 10. O-O Qc7 11. c4 dxc4 12. dxc4 Rd8 13. Qe2 Bd6 14. Nc3 a6 15. Rad1 O-O 16. f4 Be7 17. g4 Rxd1 18. Rxd1 Rd8 19. h3 Rd7 20. Rxd7 Qxd7 21. Qd1 Qc8 22. Kf2 Bd8 {Haitin,I (2327)-Yanchenko,R (2466) chess.com INT 2023 0-1 (52)}) 8... a5 $146 ({RR} 8... c5 9. c4 Nc6 10. Nf3 Qa5+ 11. Qd2 Qxd2+ 12. Kxd2 Rd8 13. Ke2 Nb4 14. a3 Nc6 15. Rb1 Rh5 16. Rg1 Bd6 17. g4 Rh7 18. h3 Bc7 19. Bg2 Ke7 20. Rgc1 dxc4 21. dxc4 Rhh8 22. Bc3 Rd7 23. Nd2 {Novak,L-Mar,K (2026) Chalkidiki 2001 1-0 (37)}) 9. a3 Nbd7 10. g3 Bd6 11. Bg2 c6 12. Qe2 e5 13. e4 Qe7 14. O-O dxe4 15. dxe4 O-O 16. a4 Nb6 17. Rfd1 Rfd8 18. h3 Bb4 19. Nf3 Nfd7 20. h4 f6 21. Bh3 Nf8 22. Kg2 Rxd1 23. Rxd1 Rd8 24. Bc1 Kf7 25. Be3 Rxd1 26. Qxd1 Bc5 27. Bd2 Bb4 28. c3 Bc5 29. b4 axb4 30. cxb4 Bd6 31. a5 Nbd7 32. b5 cxb5 33. Qb3+ Ne6 34. Be3 Ndc5 35. Bxc5 Bxc5 36. Qxb5 Nd4 37. Qc4+ Kf8 38. Bc8 Nxf3 39. Kxf3 Qc7 40. Bxb7 Qxa5 41. Kg2 Qb6 42. Bd5 Qd6 43. Qa2 Bb6 44. Qa6 Qc7 45. Qa8+ Qd8 46. Qc6 Qc7 47. Qe6 g5 48. Qg8+ Ke7 49. Qxg7+ Ke8 50. Qg8+ Ke7 51. Qe6+ 1-0

[Event "chess.com SpeedChess 2022"]
[Site "chess.com INT"]
[Date "2022.12.15"]
[Round "3.36"]
[White "Nakamura, Hi"]
[Black "Nihal, Sarin"]
[Result "1-0"]
[WhiteElo "2768"]
[BlackElo "2670"]
[PlyCount "121"]
[EventDate "2022.11.23"]
[EventType "k.o."]

1. Nf3 g6 2. e4 Bg7 3. d4 d6 4. Bc4 Nc6 5. c3 Nf6 6. Nbd2 O-O 7. O-O e5 8. dxe5 Nxe5 9. Nxe5 dxe5 10. Qe2 ({RR} 10. Re1 Qe7 11. Nf3 Rd8 12. Qc2 h6 13. h3 c6 14. a4 Ne8 15. Be3 Nd6 16. Bb3 b6 17. a5 Rb8 18. axb6 axb6 19. Red1 Be6 20. Bxe6 Qxe6 21. b3 Bf8 22. Ra6 c5 23. Rd5 f6 24. c4 Nf7 {Martinez Alcantara,J (2603)-Nihal,S (2698) chess.com INT 2024 1-0 (52)}) 10... Qe7 11. Rd1 $146 ({RR} 11. Nf3 b6 12. Bg5 h6 13. Bxf6 Qxf6 14. Rfd1 a5 15. Rd3 a4 16. a3 Ra5 17. Rad1 Rc5 18. Rd5 Rxd5 19. Rxd5 c6 20. Rd3 Qe7 21. Qd2 b5 22. Ba2 Kh7 23. Ne1 f5 24. Rd6 fxe4 25. Nc2 h5 {Feher,A (2367)-Indjic,A (2646) Hungary 2020 0-1 (38)}) ({RR} 11. a4 Be6 12. b3 Rfd8 13. Ba3 Qe8 14. Rad1 h6 15. f3 a6 16. a5 Rd7 17. Bxe6 Qxe6 18. Nc4 Rad8 19. Rxd7 Rxd7 20. Rd1 h5 21. Rxd7 Nxd7 22. Qd2 Bf8 23. Bxf8 Kxf8 24. Qg5 Qe7 25. Qxe7+ Kxe7 {Koellner,R (2481)-Chigaev,M (2624) chess.com INT 2024 ½-½ (49)}) 11... Rd8 12. f3 Nh5 13. g3 c6 14. a4 Bh3 15. Bb3 Bh6 16. Nf1 Bxc1 17. Raxc1 Kg7 18. Ne3 Qc5 19. Qf2 Qb6 20. Bc4 Rxd1+ 21. Rxd1 Rd8 22. Re1 Qa5 23. Ra1 Qc7 24. a5 b5 25. axb6 axb6 26. Bf1 Bxf1 27. Kxf1 b5 28. Kg2 Nf6 29. Rd1 Rxd1 30. Nxd1 Qd6 31. Qe2 Nd7 32. Nf2 Nc5 33. Qe3 Na4 34. Qd3 Qe6 35. Qd2 Nc5 36. h4 h5 37. Qe3 Qd6 38. b4 Na4 39. g4 f6 40. gxh5 gxh5 41. Nh1 Nb2 42. Ng3 Nc4 43. Nf5+ Kg8 44. Qa7 Qf8 45. Qc7 Kh8 46. Qxc6 Qg8+ 47. Kf2 Qd8 48. Qd5 Qxd5 49. exd5 Kh7 50. d6 Nb6 51. Ke3 Kg6 52. Ke4 Kf7 53. Ng3 Ke6 54. Nxh5 f5+ 55. Kd3 Kxd6 56. Ng7 f4 57. h5 Ke7 58. Nf5+ Kf6 59. Nd6 Nd5 60. Nxb5 Ne3 61. Nd6 1-0

[Event "chess.com SpeedChess 2022"]
[Site "chess.com INT"]
[Date "2022.12.16"]
[Round "3.26"]
[White "Carlsen, M."]
[Black "Vachier Lagrave, M."]
[Result "1-0"]
[WhiteElo "2859"]
[BlackElo "2736"]
[PlyCount "77"]
[EventDate "2022.11.23"]
[EventType "k.o."]

1. Nf3 d5 2. g3 g6 3. Bg2 Bg7 4. O-O c5 5. d4 cxd4 6. Nxd4 Nf6 7. c4 O-O 8. cxd5 Nxd5 9. Nc3 Nxc3 10. bxc3 Nd7 11. Ba3 Nb6 12. Qb3 Qc7 13. Rfd1 ({RR} 13. Rab1 Bd7 14. Bxe7 Rfe8 15. Bg5 Rac8 16. Rfc1 Qc5 17. Bf4 Ba4 18. Qb4 Bxd4 19. Qxd4 Qxd4 20. cxd4 Rxc1+ 21. Rxc1 Rxe2 22. Bxb7 Rxa2 23. d5 Rc2 24. Re1 f6 25. d6 g5 26. Be3 Kf8 27. Bd4 Nd7 {Wei,Y (2721)-Vachier Lagrave,M (2774) Chess.com INT 2019 ½-½ (53)}) ({RR} 13. Nb5 Qe5 14. f4 Qe3+ 15. Kh1 Be6 16. Qb4 Bc4 17. Nd4 Bd5 18. Bf3 Rfe8 19. Rad1 Rac8 20. Rd3 Bxf3+ 21. Rxf3 Qe4 22. Rde3 Qd5 23. Rxe7 Bf8 24. Rxe8 Rxe8 25. Qb5 Qxb5 26. Nxb5 Bxa3 27. Nxa3 Na4 {Yoo,C (2599)-Vachier Lagrave,M (2732) chess.com INT 2024 ½-½ (71)}) 13... Bd7 14. Rd3 Ba4 $146 ({RR} 14... Rfe8 15. Rb1 Rac8 16. Nb5 Qb8 17. Nxa7 Qxa7 18. Qxb6 Qxa3 19. Rxd7 Qxa2 20. Rxb7 Bxc3 21. Qb5 Bf6 22. Be4 Qc4 23. Bd3 Qxb5 24. R1xb5 Red8 25. f4 Kf8 26. Kg2 Bd4 27. g4 Rc5 28. Rb4 Ra5 29. Kf3 {Arkell,K (2432)-Brown,A (2003) Torquay 2018 1-0 (91)}) 15. Qb4 Rfe8 16. Rc1 e5 17. Nb5 Bxb5 18. Qxb5 e4 19. Rdd1 Nc4 20. Bc5 Rac8 21. Qxc4 Qxc5 22. Qxc5 Rxc5 23. Rd7 Rxc3 24. Rxc3 Bxc3 25. e3 b5 26. Rxa7 Re5 27. Bf1 h5 28. Rc7 Bb4 29. Rb7 Rc5 30. Bxb5 Rc1+ 31. Kg2 Bc5 32. Ba4 f5 33. Bb3+ Kh8 34. h4 Rb1 35. Rc7 Bb4 36. Bf7 Kg7 37. Be8+ Kf6 38. Rc6+ Ke5 39. Rb6 1-0

[Event "World Rapid 2022"]
[Site "Almaty KAZ"]
[Date "2022.12.26"]
[Round "1.14"]
[White "Dubov, Daniil"]
[Black "Dardha, Daniel"]
[Result "1-0"]
[WhiteElo "2708"]
[BlackElo "2606"]
[PlyCount "85"]
[EventDate "2022.12.26"]
[EventType "rapid"]

1. Nf3 d5 2. g3 g6 3. Bg2 Bg7 4. O-O e5 5. d3 Ne7 6. e4 O-O 7. Nc3 d4 8. Ne2 c5 9. Nd2 Nbc6 10. a4 ({RR} 10. f4 Be6 11. Nf3 exf4 12. Nxf4 Bg4 13. h3 Bxf3 14. Qxf3 Ne5 15. Qe2 Qd7 16. Bd2 Rae8 17. b3 N5c6 18. h4 h5 19. Bh3 Qd6 20. g4 hxg4 21. Qxg4 f5 22. exf5 Ne5 23. Qg2 Nxf5 24. Bxf5 Rxf5 {Carlsen,M (2832)-Nakamura,H (2786) Chess.com INT 2018 ½-½ (75)}) ({RR} 10. f4 exf4 11. Nxf4 Ne5 12. Nc4 Bg4 13. Qe1 Nxc4 14. dxc4 Qd7 15. Nd3 b6 16. Bg5 Nc6 17. Qd2 f6 18. Bh6 Rae8 19. Bxg7 Kxg7 20. Rae1 Ne5 21. b3 g5 22. Rf2 Bh3 23. Nxe5 Rxe5 24. Bxh3 Qxh3 {Dimakis,S (1929)-Krallis,C (2383) Thessaloniki GRE 2025 0-1 (35)}) 10... Be6 11. Nc4 ({RR} 11. f4 f6 12. b3 Kh8 13. Nc4 b6 14. f5 Bf7 15. g4 g5 16. h4 h6 17. Kf2 a6 18. Rh1 Kg8 19. Ng3 b5 20. axb5 axb5 21. Rxa8 Qxa8 22. Nd6 c4 23. bxc4 bxc4 24. hxg5 hxg5 25. Nh5 Qa2 {Dubov,D (2708)-Korchmar,V (2438) chess.com INT 2023 1-0 (44)}) 11... a6 $146 ({RR} 11... f5 12. exf5 gxf5 13. b3 Nd5 14. f4 e4 15. Ba3 exd3 16. Qxd3 Ndb4 17. Qd2 Bd5 18. Rae1 Bxg2 19. Kxg2 Qd5+ 20. Kg1 Rad8 21. Bxb4 Nxb4 22. Nc1 d3 23. c3 Nc2 24. Rd1 Rfe8 25. Qxd3 Qxd3 26. Rxd3 {Makarian,R (2497)-Bodnaruk,A (2378) Chess.com INT 2022 1-0 (48)}) 12. f4 exf4 13. gxf4 f5 14. Ng3 b5 15. exf5 Bd5 16. Bxd5+ Nxd5 17. axb5 axb5 18. Rxa8 Qxa8 19. Nd6 Qb8 20. Nde4 gxf5 21. Nxc5 Qd6 22. Nb3 Ne3 23. Bxe3 dxe3 24. c3 b4 25. d4 bxc3 26. bxc3 Ne7 27. Qf3 Qd5 28. Nc1 Rc8 29. Nce2 Qe6 30. Rc1 h6 31. Nf1 Nd5 32. c4 Nb6 33. Qxe3 Qg6+ 34. Nfg3 Rxc4 35. Qb3 Qe6 36. Rb1 Rc6 37. Nxf5 Kh7 38. Qxe6 Rxe6 39. Kf2 Bf6 40. Ne3 Rd6 41. Kf3 Kg6 42. Ng3 Nd5 43. Ne4 1-0

[Event "World Rapid 2022"]
[Site "Almaty KAZ"]
[Date "2022.12.26"]
[Round "1.44"]
[White "Gareev, T."]
[Black "Daneshvar, Bardiya"]
[Result "1-0"]
[WhiteElo "2602"]
[BlackElo "2500"]
[PlyCount "93"]
[EventDate "2022.12.26"]
[EventType "rapid"]

1. Nf3 d5 2. e3 Nf6 3. c4 c6 4. Nc3 e6 5. b3 Nbd7 6. Bb2 Bd6 7. Qc2 Qe7 8. h3 a6 ({RR} 8... Ba3 9. Bxa3 Qxa3 10. g4 h6 11. Rg1 b6 12. h4 g6 13. Bd3 Qe7 14. Qb2 Rg8 15. g5 hxg5 16. hxg5 Nh5 17. Be2 Bb7 18. O-O-O O-O-O 19. Kb1 Kb8 20. d4 Rh8 21. Rge1 Ng7 22. e4 dxe4 23. Nxe4 {Chigaev,M (2632)-Ivanov,I (2213) Tallinn EST 2025 1-0 (38)}) 9. g4 h6 10. Rg1 ({RR} 10. Be2 b5 11. Rg1 Bb7 12. h4 Nb6 13. g5 hxg5 14. hxg5 Nfd7 15. d4 bxc4 16. bxc4 Nxc4 17. Bxc4 dxc4 18. Nd2 c5 19. Nce4 cxd4 20. Bxd4 e5 21. Bc3 Rc8 22. O-O-O Ba3+ 23. Kb1 Nc5 24. Ka1 Rd8 {Grandelius,N (2541)-Saric,I (2637) Sarajevo 2011 0-1 (56)}) 10... e5 11. d4 $146 ({RR} 11. Be2 g6 12. h4 e4 13. g5 hxg5 14. hxg5 exf3 15. gxf6 Nxf6 16. Bd3 Rh2 17. cxd5 Ng4 18. Ne4 Nxf2 19. Nxf2 Rxf2 20. Kxf2 Qh4+ 21. Kxf3 Qh3+ 22. Kf2 Qh4+ 23. Kf3 Qh5+ 24. Kf2 {½-½ (24) Diamant,A (2481)-Esserman,M (2445) Saint Louis 2012}) 11... e4 12. Nh4 g6 13. O-O-O b5 14. c5 Bh2 15. Rh1 Bc7 16. Kb1 Nh7 17. Ng2 Ndf6 18. Be2 Ng5 19. Nf4 Ne6 20. Nxe6 Bxe6 21. f3 b4 22. Na4 exf3 23. Bxf3 Ne4 24. Nb6 Bxb6 25. cxb6 O-O 26. Bxe4 dxe4 27. Qxc6 Rac8 28. Qa4 Qd6 29. d5 Bd7 30. Qxa6 Rc5 31. a4 Rfc8 32. Qa7 Rb8 33. b7 Rc3 34. Qd4 Rxb7 35. Rc1 f6 36. Ka2 Rd3 37. Qxe4 Rd2 38. Qxg6+ Kf8 39. Qxh6+ Ke7 40. Qh7+ Kd8 41. Qg8+ Be8 42. Rhd1 Re2 43. Rc8+ Kxc8 44. Qxe8+ Qd8 45. Rc1+ Rc7 46. Rxc7+ Kxc7 47. Qc6+ 1-0

[Event "World Rapid 2022"]
[Site "Almaty KAZ"]
[Date "2022.12.26"]
[Round "2.41"]
[White "Harikrishna, P."]
[Black "Svane, Frederik"]
[Result "1-0"]
[WhiteElo "2705"]
[BlackElo "2568"]
[PlyCount "119"]
[EventDate "2022.12.26"]
[EventType "rapid"]

1. Nf3 d5 2. g3 e6 3. Bg2 c5 4. O-O Nf6 5. c4 d4 6. d3 Nc6 7. e3 Bd6 8. exd4 cxd4 9. Re1 O-O 10. Na3 e5 11. c5 Bxc5 12. Nxe5 Nxe5 13. Rxe5 Bd6 $146 ({RR} 13... Bxa3 14. bxa3 Be6 15. Bb2 Qb6 16. Qd2 Rac8 17. a4 Rc7 18. Rb5 Qd6 19. Qb4 Rd8 20. a5 Qxb4 21. Rxb4 Rc5 22. Bxd4 Rxa5 23. Rxb7 Ra3 24. Rd1 Rxa2 25. Bxa7 Bg4 26. Re1 h5 27. h3 Bf5 28. d4 {Lorparizangeneh,S (2340)-Antal,T (2292) Gyor 2014 ½-½ (61)}) 14. Re1 Bf5 15. Nc4 Bb4 16. Re5 Re8 17. Bf4 Rxe5 18. Bxe5 Qd7 19. Qb3 Bf8 20. Qxb7 Qxb7 21. Bxb7 Rd8 22. Bxf6 gxf6 23. Be4 Be6 24. Na5 Rb8 25. b3 Rc8 26. Nc4 Bb4 27. Kg2 Kg7 28. Rc1 f5 29. Bf3 Kf6 30. Rc2 h6 31. Re2 a5 32. Rb2 Rc7 33. Rb1 Bc3 34. a3 Rc8 35. Be2 Rb8 36. f4 Bxc4 37. dxc4 Re8 38. Kf2 Rb8 39. Bd3 Ke6 40. Ke2 Kd6 41. Bxf5 Kc5 42. Kf2 a4 43. bxa4 Ra8 44. Bd3 Rxa4 45. Rb5+ Kd6 46. Rb6+ Ke7 47. Rxh6 Rxa3 48. Rh5 Bd2 49. Ke2 Be3 50. Re5+ Kf6 51. h4 Ra1 52. c5 Rc1 53. h5 Kg7 54. Rg5+ Kh6 55. Rf5 Kg7 56. g4 Rg1 57. g5 Rg3 58. c6 Bc1 59. h6+ Kf8 60. c7 1-0

[Event "World Rapid 2022"]
[Site "Almaty KAZ"]
[Date "2022.12.26"]
[Round "3.5"]
[White "Artemiev, V."]
[Black "Keymer, Vincent"]
[Result "1-0"]
[WhiteElo "2701"]
[BlackElo "2696"]
[PlyCount "109"]
[EventDate "2022.12.26"]
[EventType "rapid"]

1. Nf3 d5 2. b3 Bg4 3. e3 e6 4. Bb2 Nd7 5. h3 ({RR} 5. d3 Ngf6 6. h3 Bxf3 7. Qxf3 a5 8. a3 a4 9. b4 c5 10. bxc5 Bxc5 11. Nd2 Qb6 12. Rb1 Qd6 13. Ra1 Qb6 14. Ra2 O-O 15. d4 Be7 16. c4 Qa5 17. cxd5 exd5 18. Bd3 b5 19. Ke2 Nb6 {Nakamura,H (2768)-Keymer,V (2699) chess.com INT 2023 1-0 (67)}) 5... Bh5 6. d3 h6 $146 ({RR} 6... Ngf6 7. Nbd2 Bg6 8. Nh4 Bd6 9. Be2 O-O 10. O-O a5 11. a3 c6 12. c4 Re8 13. Nxg6 hxg6 14. d4 Bb8 15. Bf3 e5 16. cxd5 cxd5 17. dxe5 Nxe5 18. g3 Ba7 19. Bg2 d4 20. Bxd4 Bxd4 21. exd4 {Kharlov,A (2555)-Deviatkin,A (2531) Sochi 2006 ½-½ (45)}) ({RR} 6... a5 7. a3 c6 8. Nbd2 Ngf6 9. g4 Bg6 10. h4 h5 11. g5 Ng4 12. Bh3 Qc7 13. Qe2 e5 14. e4 dxe4 15. Nxe4 O-O-O 16. O-O-O f5 17. gxf6 gxf6 18. Kb1 Rg8 19. Nh2 Nxh2 20. Nxf6 Ng4 21. Nxg8 {Theodorou,N (2611)-Ilinca,F (2412) chess.com INT 2025 1-0 (47)}) 7. Be2 Ngf6 8. Nbd2 Bd6 9. O-O O-O 10. e4 e5 11. Re1 Re8 12. Nh2 Bg6 13. exd5 Nxd5 14. Bh5 Bh7 15. Nc4 Nf4 16. Bf3 Bb4 17. Re3 Bc5 18. d4 exd4 19. Bxd4 Bxc2 20. Rxe8+ Qxe8 21. Qd2 Bxd4 22. Qxd4 Ne6 23. Qc3 Bg6 24. Bxb7 Rd8 25. Bc6 Qe7 26. Bxd7 Qxd7 27. Ne5 Qd5 28. Nxg6 fxg6 29. Nf3 c5 30. Re1 Nd4 31. Re3 Rf8 32. Nd2 Kh7 33. Ne4 Rc8 34. Qd3 Rc7 35. Qc4 Qxc4 36. bxc4 Nc6 37. Nxc5 Nd4 38. Nb3 Nc2 39. Rc3 Nb4 40. a3 Nd5 41. Rc2 Nf4 42. c5 Ne6 43. h4 Kg8 44. Kf1 Kf7 45. c6 Ke7 46. Na5 Kd6 47. Rc4 h5 48. Ke2 Kd5 49. Ke3 Rf7 50. g3 Kd6 51. Re4 Nd8 52. Nc4+ Kc7 53. Ne5 Rf6 54. Ra4 Kb6 55. Nd7+ 1-0

[Event "World Rapid 2022"]
[Site "Almaty KAZ"]
[Date "2022.12.26"]
[Round "3.41"]
[White "Petrosian, TL."]
[Black "Kadric, D."]
[Result "1-0"]
[WhiteElo "2551"]
[BlackElo "2584"]
[PlyCount "105"]
[EventDate "2022.12.26"]
[EventType "rapid"]

1. Nf3 d6 2. g3 e5 3. Bg2 Nf6 4. O-O g6 5. c4 Bg7 6. Nc3 O-O 7. d3 a5 8. a3 c6 9. Rb1 h6 10. b4 axb4 11. axb4 Be6 12. b5 ({RR} 12. c5 dxc5 {½-½ (12) Georgiev,K (2537)-Kadric,D (2544) Skopje MKD 2024}) 12... Nbd7 13. Nd2 ({RR} 13. Bb2 d5 14. Nd2 d4 15. Nce4 Nxe4 16. Nxe4 cxb5 17. cxb5 Qe7 18. Nd2 Nc5 19. Ra1 Rfc8 20. Ba3 Qd7 21. Bxc5 Rxa1 22. Qxa1 Rxc5 23. b6 Rb5 24. Rb1 Bf8 25. h4 Kg7 26. h5 Bb4 27. Qa4 Rxb6 {Sargsyan,S (2666)-Materia,M (2474) chess.com INT 2025 1-0 (37)}) 13... d5 ({RR} 13... Qc7 14. Qc2 Nh7 15. Bb2 Nc5 16. Nde4 Nxe4 17. Bxe4 Ng5 18. Bg2 Bh3 19. Bc1 Bxg2 20. Kxg2 Ne6 21. Qb2 e4 22. dxe4 cxb5 23. Nxb5 Qxc4 24. Qb4 Qxe2 25. Re1 Qc2 26. Na3 Qc6 27. Qxb7 Qc3 28. Re3 {Andreikin,D (2729)-Sanal,V (2567) chess.com INT 2024 0-1 (81)}) 14. Qc2 Qc7 $146 ({RR} 14... Qe7 15. Bb2 Nc5 16. bxc6 bxc6 17. Ra1 dxc4 18. Nxc4 Bxc4 19. dxc4 e4 20. Na4 Nfd7 21. Bxg7 Kxg7 22. Nxc5 Nxc5 23. Rxa8 Rxa8 24. Qc3+ Kg8 25. Rd1 Rd8 26. Ra1 Qd6 27. h3 Qd4 28. Qxd4 Rxd4 29. Ra8+ {Zlotnikov,M (2346)-Van de Mortel,J (2410) Minneapolis 2005 ½-½ (31)}) 15. Bb2 d4 16. bxc6 bxc6 17. Nce4 Nxe4 18. Nxe4 Rfb8 19. Ra1 f5 20. Nd2 Bf8 21. Rfb1 Rxa1 22. Rxa1 Qb6 23. Bc1 c5 24. h4 Kf7 25. Rb1 Qa5 26. Rxb8 Nxb8 27. Bd5 Nd7 28. Nf3 Bg7 29. Bd2 Qa1+ 30. Kg2 Nb6 31. Qb3 Qa6 32. e4 Bxd5 33. exd5 e4 34. Ne1 exd3 35. Nxd3 Qxc4 36. Qxb6 Qxd3 37. Qe6+ Kf8 38. Qc8+ Kf7 39. Qd7+ Kf8 40. d6 Qe4+ 41. Kg1 Qb1+ 42. Kh2 Qe4 43. Qc8+ Kf7 44. Qc7+ Kg8 45. d7 Bf6 46. d8=Q+ Bxd8 47. Qxd8+ Kf7 48. Qd7+ Qe7 49. Qd5+ Kg7 50. Bf4 g5 51. Be5+ Kg6 52. Qc6+ Kh5 53. Qf3+ 1-0